[Event "DVM U12 2020"]
[Site "Magdeburg GER"]
[Date "2021.08.07"]
[Round "6"]
[White "Tran, Anh Duc Kevin"]
[Black "Pauser, Kilian"]
[Result "1-0"]
[Termination "normal"]
[Board "6.3"]
[WhiteElo "1338"]
[BlackElo "1020"]
[WhiteClock "00:57:53"]
[BlackClock "01:06:36"]
[WhiteTeam "USV Erfurt"]
[BlackTeam "SV Hellas Nauen e.V."]
[PlyCount "83"]
[WhiteFideId "34608125"]
[BlackFideId "16287584"]
[EventCountry "GER"]
[EventRounds "7"]
[EventType "team-swiss"]
[EventDate "2021.08.04"]

1. e4 {[%clk 01:30:50]} e5 {[%clk 01:30:45]} 2. Nf3 {[%clk 01:31:09]} Nc6
{[%clk 01:31:05]} 3. Bc4 {[%clk 01:31:31]} Bc5 {[%clk 01:31:24]} 4. Nc3 {[%clk
01:31:04]} {[%emt 00:01:52]} d6 {[%clk 01:31:08]} 5. h3 {[%clk 01:31:06]} Be6
{[%clk 01:31:07]} {[%emt 00:00:25]} 6. Bb3 {[%clk 01:30:46]} {[%emt 00:02:06]}
Nf6 {[%clk 01:30:23]} 7. d3 {[%clk 01:30:12]} {[%emt 00:01:03]} h6 {[%clk
01:30:09]} {[%emt 00:02:29]} 8. Be3 {[%clk 01:29:21]} Bb6 {[%clk 01:30:16]}
{[%emt 00:00:07]} 9. O-O {[%clk 01:26:21]} {[%emt 00:04:01]} O-O {[%clk
01:29:49]} {[%emt 00:14:58]} 10. Qd2 {[%clk 01:20:38]} Nd4 {[%clk 01:24:14]}
11. Bxd4 {[%clk 01:14:39]} {[%emt 00:07:21]} Bxd4 {[%clk 01:21:27]} 12. Nxd4
{[%clk 01:12:12]} {[%emt 00:02:57]} exd4 {[%clk 01:21:30]} {[%emt 00:07:07]}
13. Ne2 {[%clk 01:09:52]} c5 {[%clk 01:18:12]} 14. f4 {[%clk 01:02:10]} {[%emt
00:08:12]} Qe7 {[%clk 01:06:36]} {[%emt 00:07:41]} 15. Ng3 {[%clk 00:52:37]}
Rae8 {[%clk 01:06:36]} 16. Ba4 Bd7 17. Bxd7 {[%clk 00:57:53]} Qxd7 {[%clk
01:06:36]} 18. Rf3 {[%clk 00:57:53]} Re6 {[%clk 01:06:36]} 19. Re1 {[%clk
00:57:53]} Rfe8 {[%clk 01:06:36]} 20. Nf5 {[%clk 00:57:53]} d5 {[%clk
01:06:36]} 21. e5 {[%clk 00:57:53]} Nh7 {[%clk 01:06:36]} 22. Rg3 {[%clk
00:57:53]} Rg6 {[%clk 01:06:36]} 23. Rxg6 {[%clk 00:57:53]} fxg6 {[%clk
01:06:36]} 24. Nd6 {[%clk 00:57:53]} Rf8 {[%clk 01:06:36]} 25. Kh2 {[%clk
00:57:53]} g5 {[%clk 01:06:36]} 26. f5 {[%clk 00:57:53]} Nf6 {[%clk 01:06:36]}
27. g4 {[%clk 00:57:53]} Ne8 {[%clk 01:06:36]} 28. Nxe8 {[%clk 00:57:53]} Rxe8
{[%clk 01:06:36]} 29. e6 {[%clk 00:57:53]} Qd6+ {[%clk 01:06:36]} 30. Kg2
{[%clk 00:57:53]} Kh7 {[%clk 01:06:36]} 31. Qf2 {[%clk 00:57:53]} Re7 {[%clk
01:06:36]} 32. f6 {[%clk 00:57:53]} gxf6 {[%clk 01:06:36]} 33. Qxf6 {[%clk
00:57:53]} c4 {[%clk 01:06:36]} 34. Qf5+ {[%clk 00:57:53]} Kg7 {[%clk
01:06:36]} 35. Rf1 {[%clk 00:57:53]} c3 {[%clk 01:06:36]} 36. Qf8+ {[%clk
00:57:53]} Kh7 {[%clk 01:06:36]} 37. Rf7+ {[%clk 00:57:53]} Rxf7 {[%clk
01:06:36]} 38. Qxf7+ {[%clk 00:57:53]} Kh8 {[%clk 01:06:36]} 39. e7 {[%clk
00:57:53]} Qd7 {[%clk 01:06:36]} 40. e8=Q+ {[%clk 00:57:53]} Qxe8 {[%clk
01:06:36]} 41. Qxe8+ {[%clk 00:57:53]} Kh7 {[%clk 01:06:36]} 42. Qb5 {[%clk
00:57:53]} 1-0

[Event "DVM U12 2020"]
[Site "Magdeburg GER"]
[Date "2021.08.07"]
[Round "6"]
[White "Börner, Eric"]
[Black "Heilmann, Ramon"]
[Result "1/2-1/2"]
[Termination "normal"]
[Board "6.4"]
[WhiteElo "1005"]
[BlackElo "996"]
[WhiteClock "00:37:46"]
[BlackClock "00:48:53"]
[WhiteTeam "SV Hellas Nauen e.V."]
[BlackTeam "USV Erfurt"]
[PlyCount "41"]
[WhiteFideId "34608362"]
[BlackFideId "34608303"]
[EventCountry "GER"]
[EventRounds "7"]
[EventType "team-swiss"]
[EventDate "2021.08.04"]

1. e4 {[%clk 01:30:57]} {[%emt 00:33:00]} e5 {[%clk 01:30:42]} 2. Nf3 {[%clk
01:31:16]} Nc6 {[%clk 01:30:56]} 3. Bc4 {[%clk 01:31:36]} Nf6 {[%clk 01:30:42]}
4. d3 {[%clk 01:31:55]} {[%emt 00:00:05]} h6 {[%clk 01:30:38]} 5. c3 {[%clk
01:31:38]} a6 {[%clk 01:29:57]} 6. O-O {[%clk 01:31:05]} d6 {[%clk 01:30:11]}
7. Be3 {[%clk 01:28:33]} {[%emt 00:00:08]} Be6 {[%clk 01:29:16]} 8. Bb3 {[%clk
01:28:05]} Be7 {[%clk 01:27:50]} 9. Nbd2 {[%clk 01:27:53]} O-O {[%clk
01:25:29]} 10. d4 {[%clk 01:25:15]} {[%emt 00:00:05]} Bg4 {[%clk 01:21:51]} 11.
d5 {[%clk 01:24:28]} Nb8 {[%clk 01:13:29]} 12. Re1 {[%clk 01:18:41]} {[%emt
00:12:36]} c6 {[%clk 01:07:26]} 13. Rc1 {[%clk 01:09:55]} {[%emt 00:07:58]} c5
{[%clk 01:03:46]} {[%emt 00:14:08]} 14. Qc2 {[%clk 01:02:04]} Nbd7 {[%clk
00:59:45]} {[%emt 00:11:11]} 15. h3 {[%clk 00:54:41]} Bh5 {[%clk 00:59:59]} 16.
c4 {[%clk 00:48:49]} {[%emt 00:20:47]} Nb6 {[%clk 00:56:26]} 17. Qd3 {[%clk
00:43:39]} Qd7 {[%clk 00:53:22]} 18. Rb1 {[%clk 00:40:25]} {[%emt 00:02:36]}
Na4 {[%clk 00:49:27]} {[%emt 00:04:26]} 19. Bxa4 {[%clk 00:39:38]} {[%emt
00:01:12]} Qxa4 {[%clk 00:49:20]} {[%emt 00:00:16]} 20. Ra1 {[%clk 00:37:46]}
{[%emt 00:07:12]} Qd7 {[%clk 00:48:53]} 21. b3 {[%emt 00:00:04]} 1/2-1/2

[Event "DVM U12 2020"]
[Site "Magdeburg GER"]
[Date "2021.08.07"]
[Round "6"]
[White "Puchas, Henrik"]
[Black "Dubinker, Philipp"]
[Result "1-0"]
[Termination "normal"]
[Board "7.1"]
[WhiteElo "1539"]
[BlackElo "1382"]
[WhiteClock "00:06:14"]
[BlackClock "00:46:39"]
[WhiteTeam "SV Vimbuch"]
[BlackTeam "SK Marburg 1931/72"]
[PlyCount "71"]
[WhiteFideId "16257995"]
[BlackFideId "34608320"]
[EventCountry "GER"]
[EventRounds "7"]
[EventType "team-swiss"]
[EventDate "2021.08.04"]

1. e4 {[%clk 01:30:54]} {[%emt 00:04:33]} c6 {[%clk 01:30:53]} 2. c4 {[%clk
01:31:12]} d5 {[%clk 01:31:10]} 3. exd5 {[%clk 01:31:30]} cxd5 {[%clk
01:31:34]} 4. cxd5 {[%clk 01:31:55]} Nf6 {[%clk 01:31:42]} 5. Nc3 {[%clk
01:32:02]} Nxd5 {[%clk 01:31:53]} 6. Nf3 {[%clk 01:32:05]} Nc6 {[%clk
01:31:39]} 7. Bb5 {[%clk 01:29:40]} {[%emt 00:01:46]} a6 {[%clk 01:30:17]}
{[%emt 00:04:25]} 8. Qa4 {[%clk 01:25:00]} {[%emt 00:02:35]} Qd6 {[%clk
01:25:05]} {[%emt 00:08:18]} 9. Qc4 {[%clk 00:48:45]} {[%emt 00:34:16]} Nxc3
{[%clk 01:19:09]} {[%emt 00:06:16]} 10. Bxc6+ {[%clk 00:48:20]} {[%emt
00:00:51]} Qxc6 {[%clk 01:19:12]} {[%emt 00:00:33]} 11. Qxc6+ {[%clk 00:47:35]}
{[%emt 00:13:15]} bxc6 {[%clk 01:19:22]} 12. bxc3 {[%clk 00:45:32]} e6 {[%clk
01:15:43]} 13. Rb1 {[%clk 00:45:40]} Bc5 {[%clk 01:14:14]} 14. d4 {[%clk
00:44:40]} Bd6 {[%clk 01:12:55]} {[%emt 00:00:40]} 15. O-O {[%clk 00:44:21]}
{[%emt 00:01:02]} O-O {[%clk 01:13:09]} 16. Nd2 {[%clk 00:42:52]} {[%emt
00:01:59]} Rb8 {[%clk 01:12:07]} {[%emt 00:01:30]} 17. Rxb8 {[%clk 00:42:41]}
{[%emt 00:00:41]} Bxb8 {[%clk 01:12:13]} {[%emt 00:00:24]} 18. Ba3 {[%clk
00:43:03]} {[%emt 00:00:09]} Rd8 {[%clk 01:11:16]} {[%emt 00:01:28]} 19. Rb1
{[%clk 00:40:23]} {[%emt 00:09:58]} Bc7 {[%clk 01:10:47]} 20. Ne4 {[%clk
00:37:59]} e5 {[%clk 01:08:13]} {[%emt 00:00:12]} 21. Bc5 {[%clk 00:37:04]}
{[%emt 00:01:23]} Bf5 {[%clk 01:06:29]} {[%emt 00:02:14]} 22. f3 {[%clk
00:33:48]} {[%emt 00:03:42]} Bxe4 {[%clk 01:04:47]} {[%emt 00:02:17]} 23. fxe4
{[%clk 00:33:58]} {[%emt 00:00:16]} Rb8 {[%clk 01:02:47]} {[%emt 00:10:33]} 24.
Rxb8+ {[%clk 00:29:05]} Bxb8 {[%clk 01:03:06]} 25. h3 {[%clk 00:29:31]} exd4
{[%clk 01:02:26]} 26. cxd4 {[%clk 00:29:28]} f6 {[%clk 01:02:38]} 27. Kf2
{[%clk 00:29:40]} {[%emt 00:00:04]} Kf7 {[%clk 01:02:18]} {[%emt 00:04:15]} 28.
d5 {[%clk 00:27:12]} cxd5 {[%clk 01:02:28]} 29. exd5 {[%clk 00:27:36]} Ke8
{[%clk 00:58:43]} {[%emt 00:08:36]} 30. Ke3 {[%clk 00:26:22]} Kd7 {[%clk
00:58:39]} 31. Ke4 {[%clk 00:25:29]} Bd6 {[%clk 00:58:23]} 32. Bd4 {[%clk
00:24:46]} {[%emt 00:01:09]} Bb4 {[%clk 00:56:37]} {[%emt 00:05:19]} 33. g4
{[%clk 00:23:57]} Kd6 {[%clk 00:55:23]} {[%emt 00:00:04]} 34. g5 {[%clk
00:05:54]} {[%emt 00:26:26]} fxg5 {[%clk 00:50:41]} 35. Bxg7 {[%clk 00:06:14]}
Ba3 {[%clk 00:46:39]} {[%emt 00:01:55]} 36. Bf8+ {[%emt 00:05:30]} 1-0

[Event "DVM U12 2020"]
[Site "Magdeburg GER"]
[Date "2021.08.07"]
[Round "6"]
[White "Jung, Felix"]
[Black "Feuerer, Dominik"]
[Result "1-0"]
[Termination "normal"]
[Board "7.2"]
[WhiteElo "1147"]
[BlackElo "926"]
[WhiteClock "01:21:18"]
[BlackClock "00:58:55"]
[WhiteTeam "SK Marburg 1931/72"]
[BlackTeam "SV Vimbuch"]
[PlyCount "117"]
[WhiteFideId "34608290"]
[BlackFideId "34608311"]
[EventCountry "GER"]
[EventRounds "7"]
[EventType "team-swiss"]
[EventDate "2021.08.04"]

1. e4 {[%clk 01:30:58]} e5 {[%clk 01:30:55]} {[%emt 00:00:17]} 2. Nf3 {[%clk
01:31:25]} Nc6 {[%clk 01:31:21]} 3. Bc4 {[%clk 01:31:48]} {[%emt 00:00:05]} Nf6
{[%clk 01:30:37]} {[%emt 00:01:12]} 4. Ng5 {[%clk 01:32:04]} {[%emt 00:00:14]}
d5 {[%clk 01:30:47]} {[%emt 00:04:41]} 5. exd5 {[%clk 01:32:12]} Nxd5 {[%clk
01:31:01]} 6. Qf3 {[%clk 01:32:32]} Be6 {[%clk 01:30:59]} 7. O-O {[%clk
01:30:52]} Qd7 {[%clk 01:28:23]} {[%emt 00:02:11]} 8. Nxe6 {[%clk 01:30:03]}
{[%emt 00:01:20]} fxe6 {[%clk 01:28:31]} {[%emt 00:00:22]} 9. c3 {[%clk
01:30:02]} {[%emt 00:04:54]} O-O-O {[%clk 01:27:50]} 10. d3 {[%clk 01:28:58]}
Be7 {[%clk 01:27:21]} 11. Be3 {[%clk 01:29:02]} Rhf8 {[%clk 01:26:16]} {[%emt
00:01:30]} 12. Qe2 {[%clk 01:27:31]} {[%emt 00:01:53]} Rf7 {[%clk 01:23:39]}
{[%emt 00:03:11]} 13. Na3 {[%clk 01:27:49]} {[%emt 00:00:18]} Nb6 {[%clk
01:21:25]} {[%emt 00:02:37]} 14. Rfd1 {[%clk 01:26:58]} {[%emt 00:01:20]} Nxc4
{[%clk 01:19:12]} {[%emt 00:02:40]} 15. Nxc4 {[%clk 01:26:49]} {[%emt
00:02:15]} Kb8 {[%clk 01:18:05]} {[%emt 00:00:05]} 16. b4 {[%clk 01:24:55]}
{[%emt 00:02:20]} Bd6 {[%clk 01:14:26]} {[%emt 00:04:12]} 17. b5 {[%clk
01:24:30]} {[%emt 00:00:52]} Ne7 {[%clk 01:14:44]} {[%emt 00:00:12]} 18. Rab1
{[%clk 01:22:28]} {[%emt 00:04:59]} Nd5 {[%clk 01:13:23]} 19. Qb2 {[%clk
01:21:42]} {[%emt 00:00:51]} b6 {[%clk 01:13:17]} {[%emt 00:00:25]} 20. a4
{[%clk 01:20:50]} {[%emt 00:01:23]} Nxe3 {[%clk 01:04:18]} {[%emt 00:09:28]}
21. Nxe3 {[%clk 01:20:44]} {[%emt 00:02:33]} Bc5 {[%clk 01:04:34]} 22. a5
{[%clk 01:19:40]} Bxe3 {[%clk 01:04:19]} {[%emt 00:00:37]} 23. fxe3 {[%clk
01:19:57]} {[%emt 00:00:28]} e4 {[%clk 01:04:33]} {[%emt 00:00:08]} 24. axb6
{[%clk 01:20:05]} {[%emt 00:00:14]} cxb6 {[%clk 01:04:47]} {[%emt 00:00:16]}
25. d4 {[%clk 01:19:25]} {[%emt 00:01:10]} e5 {[%clk 01:04:13]} {[%emt
00:05:28]} 26. Qc2 {[%clk 01:19:14]} Qg4 {[%clk 01:01:14]} 27. dxe5 {[%clk
01:18:47]} {[%emt 00:06:15]} Rdf8 {[%clk 00:56:24]} {[%emt 00:00:05]} 28. Rf1
{[%clk 01:18:13]} {[%emt 00:00:47]} Rxf1+ {[%clk 00:54:54]} {[%emt 00:01:59]}
29. Rxf1 {[%clk 01:18:33]} {[%emt 00:05:41]} Rxf1+ {[%clk 00:55:10]} 30. Kxf1
Qf5+ 31. Qf2 {[%clk 01:17:56]} Qxe5 {[%clk 00:54:57]} 32. Qf8+ {[%clk
01:17:49]} Kb7 {[%clk 00:55:13]} {[%emt 00:00:05]} 33. Qf7+ {[%clk 01:18:07]}
Kb8 {[%clk 00:55:26]} 34. Qf4 {[%clk 01:18:07]} Qxf4+ {[%clk 00:55:30]} 35.
exf4 {[%clk 01:18:20]} Kc7 {[%clk 00:55:43]} 36. Ke2 {[%clk 01:18:08]} {[%emt
00:00:09]} Kd6 {[%clk 00:56:04]} {[%emt 00:00:09]} 37. Ke3 {[%clk 01:18:10]}
{[%emt 00:00:20]} Kd5 {[%clk 00:56:14]} {[%emt 00:00:22]} 38. g4 {[%clk
01:18:15]} {[%emt 00:00:24]} Kc4 {[%clk 00:56:16]} {[%emt 00:06:50]} 39. Kxe4
{[%clk 01:18:20]} Kxb5 {[%clk 00:56:35]} 40. f5 {[%clk 01:18:31]} a5 {[%clk
00:56:57]} 41. g5 {[%clk 01:18:50]} a4 {[%clk 00:57:15]} {[%emt 00:00:05]} 42.
f6 {[%clk 01:19:11]} a3 {[%clk 00:56:53]} 43. fxg7 {[%clk 01:19:10]} a2 {[%clk
00:57:06]} 44. c4+ {[%clk 01:18:55]} Kb4 {[%clk 00:57:29]} 45. g8=Q {[%emt
00:00:05]} a1=Q 46. Qf8+ {[%clk 01:18:29]} Kb3 {[%clk 00:57:34]} 47. Qf3+
{[%clk 01:18:39]} Kxc4 {[%clk 00:57:25]} 48. Qd3+ {[%clk 01:18:48]} {[%emt
00:00:15]} Kb4 {[%clk 00:57:46]} {[%emt 00:00:09]} 49. Qd4+ {[%clk 01:19:07]}
{[%emt 00:00:12]} Qxd4 {[%clk 00:57:57]} {[%emt 00:00:19]} 50. Kxd4 {[%clk
01:19:28]} {[%emt 00:00:08]} Ka4 {[%clk 00:58:04]} {[%emt 00:00:24]} 51. h4
{[%clk 01:19:49]} {[%emt 00:00:09]} b5 {[%clk 00:58:30]} {[%emt 00:00:06]} 52.
h5 {[%clk 01:20:02]} {[%emt 00:00:15]} b4 {[%clk 00:58:56]} {[%emt 00:00:04]}
53. g6 {[%clk 01:20:24]} {[%emt 00:01:52]} hxg6 {[%clk 00:58:47]} {[%emt
00:00:59]} 54. hxg6 {[%clk 01:20:12]} b3 {[%clk 00:59:02]} 55. Kc3 {[%clk
01:20:00]} Ka3 {[%clk 00:59:12]} 56. g7 {[%clk 01:20:24]} {[%emt 00:00:05]} b2
{[%clk 00:58:55]} {[%emt 00:01:09]} 57. Kc2 {[%clk 01:20:37]} Ka2 {[%clk
00:58:41]} {[%emt 00:00:35]} 58. g8=Q+ {[%clk 01:20:56]} {[%emt 00:00:16]} Ka1
{[%clk 00:58:55]} {[%emt 00:00:14]} 59. Qa8# {[%clk 01:21:18]} 1-0

[Event "DVM U12 2020"]
[Site "Magdeburg GER"]
[Date "2021.08.07"]
[Round "6"]
[White "Dammasch, Marlon"]
[Black "Alkayas, Mohammad"]
[Result "1/2-1/2"]
[Termination "normal"]
[Board "7.3"]
[WhiteElo "860"]
[BlackElo "1170"]
[WhiteClock "01:29:07"]
[BlackClock "01:14:29"]
[WhiteTeam "SV Vimbuch"]
[BlackTeam "SK Marburg 1931/72"]
[PlyCount "112"]
[WhiteFideId "34608346"]
[BlackFideId "34608400"]
[EventCountry "GER"]
[EventRounds "7"]
[EventType "team-swiss"]
[EventDate "2021.08.04"]

1. e4 {[%clk 01:30:56]} {[%emt 00:00:07]} e5 {[%clk 01:30:59]} 2. Nf3 {[%clk
01:31:16]} {[%emt 00:03:03]} Nc6 {[%clk 01:31:24]} 3. Bc4 {[%clk 01:31:38]} Nf6
{[%clk 01:31:44]} 4. Nc3 {[%clk 01:31:52]} Bc5 {[%clk 01:31:59]} 5. d3 {[%clk
01:32:07]} {[%emt 00:00:04]} O-O {[%clk 01:32:22]} 6. Bg5 {[%clk 01:32:03]} h6
{[%clk 01:32:43]} 7. Be3 {[%clk 01:32:19]} Bb4 {[%clk 01:32:58]} 8. Qd2 {[%clk
01:32:32]} Bxc3 {[%clk 01:32:57]} {[%emt 00:00:18]} 9. Qxc3 {[%clk 01:32:29]}
{[%emt 00:00:36]} d5 {[%clk 01:32:36]} {[%emt 00:04:16]} 10. Bxd5 {[%clk
01:32:17]} Nxd5 11. exd5 {[%clk 01:32:32]} Qxd5 {[%clk 01:32:42]} 12. Qd2
{[%clk 01:32:33]} {[%emt 00:00:05]} Rd8 {[%clk 01:30:58]} {[%emt 00:01:03]} 13.
Bxh6 {[%clk 01:31:07]} {[%emt 00:01:54]} e4 {[%clk 01:30:36]} {[%emt 00:00:54]}
14. dxe4 {[%clk 01:30:53]} {[%emt 00:00:42]} Qxe4+ {[%clk 01:30:46]} {[%emt
00:02:39]} 15. Qe3 {[%clk 01:30:53]} Qxe3+ {[%clk 01:30:56]} 16. Bxe3 {[%clk
01:31:12]} Bg4 {[%clk 01:30:55]} 17. O-O {[%clk 01:30:21]} {[%emt 00:00:38]}
Bf5 {[%clk 01:30:41]} {[%emt 00:00:40]} 18. c3 {[%clk 01:30:03]} {[%emt
00:00:51]} Rd7 {[%clk 01:30:18]} {[%emt 00:23:42]} 19. Rfd1 {[%clk 01:29:58]}
Rad8 {[%clk 01:30:09]} 20. Rxd7 {[%clk 01:29:59]} Rxd7 {[%clk 01:30:09]} 21.
Nd4 {[%clk 01:30:07]} Nxd4 {[%clk 01:30:02]} {[%emt 00:00:04]} 22. Bxd4 {[%clk
01:30:10]} a6 {[%clk 01:30:13]} 23. Re1 {[%clk 01:29:58]} Be6 {[%clk 01:29:32]}
24. a3 {[%clk 01:30:07]} b6 {[%clk 01:28:12]} {[%emt 00:00:05]} 25. h3 {[%clk
01:29:56]} c5 {[%clk 01:28:32]} 26. Be3 {[%clk 01:30:10]} Bb3 {[%clk 01:27:08]}
27. Bf4 {[%clk 01:29:43]} Rd1 {[%clk 01:27:15]} 28. Rxd1 {[%clk 01:30:03]}
{[%emt 00:00:08]} Bxd1 {[%clk 01:27:37]} 29. b4 {[%clk 01:30:22]} cxb4 {[%clk
01:27:12]} 30. cxb4 {[%clk 01:30:06]} b5 {[%clk 01:27:33]} {[%emt 00:00:05]}
31. Kf1 {[%clk 01:30:15]} Bb3 {[%clk 01:27:40]} 32. Ke2 {[%clk 01:30:32]} f5
{[%clk 01:27:47]} 33. Kd3 {[%clk 01:30:47]} Bd5 {[%clk 01:27:39]} 34. g3 {[%clk
01:31:02]} {[%emt 00:00:05]} Kf7 {[%clk 01:27:15]} 35. Kd4 {[%clk 01:30:59]}
Ke6 {[%clk 01:27:30]} 36. Kc5 {[%clk 01:30:56]} Bb7 {[%clk 01:18:01]} {[%emt
00:06:06]} 37. Kb6 {[%clk 01:31:00]} {[%emt 00:00:25]} Bc8 {[%clk 01:18:22]}
{[%emt 00:00:11]} 38. h4 {[%clk 01:31:12]} {[%emt 00:00:26]} g6 {[%clk
01:18:28]} {[%emt 00:00:14]} 39. Kc7 {[%clk 01:30:59]} {[%emt 00:00:42]} Bd7
{[%clk 01:18:46]} {[%emt 00:00:13]} 40. Kb7 {[%clk 01:31:10]} {[%emt 00:00:23]}
Kd5 {[%clk 01:16:24]} {[%emt 00:12:52]} 41. Kxa6 {[%clk 01:31:16]} Kc6 {[%clk
01:16:33]} 42. Be3 {[%clk 01:29:10]} Bc8+ {[%clk 01:16:04]} 43. Ka5 {[%clk
01:29:26]} Bd7 {[%clk 01:16:06]} {[%emt 00:00:04]} 44. a4 {[%clk 01:29:21]}
bxa4 {[%clk 01:16:25]} 45. Kxa4 {[%clk 01:29:42]} Kd5+ {[%clk 01:16:21]} 46.
Ka5 {[%clk 01:29:58]} Kc4 {[%clk 01:16:33]} 47. Bf4 {[%clk 01:29:39]} {[%emt
00:00:04]} Bc6 {[%clk 01:15:29]} 48. Kb6 {[%clk 01:29:09]} {[%emt 00:00:13]}
Bd7 {[%clk 01:14:57]} {[%emt 00:01:03]} 49. Kc7 {[%clk 01:28:57]} {[%emt
00:00:45]} Bb5 {[%clk 01:15:10]} {[%emt 00:00:13]} 50. Kd6 {[%clk 01:29:13]}
{[%emt 00:00:16]} Kxb4 {[%clk 01:15:38]} {[%emt 00:00:04]} 51. Ke6 {[%clk
01:29:28]} {[%emt 00:00:11]} Be2 {[%clk 01:13:51]} {[%emt 00:02:18]} 52. Kf6
{[%clk 01:29:10]} {[%emt 00:00:49]} Bh5 {[%clk 01:14:11]} {[%emt 00:00:09]} 53.
Kg5 {[%clk 01:29:25]} {[%emt 00:02:33]} Kc4 {[%clk 01:14:15]} 54. Be3 {[%clk
01:29:51]} Kd3 {[%clk 01:14:27]} 55. Bb6 {[%clk 01:29:25]} Ke4 {[%clk
01:14:20]} {[%emt 00:00:04]} 56. Ba7 {[%clk 01:29:07]} {[%emt 00:00:59]} Kf3
{[%clk 01:14:29]} 1/2-1/2

[Event "DVM U12 2020"]
[Site "Magdeburg GER"]
[Date "2021.08.07"]
[Round "6"]
[White "Baumgart, Jost"]
[Black "Puchas, Tobias"]
[Result "1-0"]
[Termination "normal"]
[Board "7.4"]
[WhiteElo "1017"]
[BlackElo "1011"]
[WhiteClock "01:23:19"]
[BlackClock "01:23:19"]
[WhiteTeam "SK Marburg 1931/72"]
[BlackTeam "SV Vimbuch"]
[PlyCount "80"]
[WhiteFideId "34608397"]
[BlackFideId "16280440"]
[EventCountry "GER"]
[EventRounds "7"]
[EventType "team-swiss"]
[EventDate "2021.08.04"]

1. e4 {[%clk 01:30:59]} {[%emt 00:00:20]} e5 {[%emt 00:00:13]} 2. Nf3 Nc6
{[%clk 01:30:40]} 3. Nc3 {[%clk 01:30:47]} {[%emt 00:00:25]} Nf6 {[%clk
01:31:03]} {[%emt 00:00:19]} 4. Bb5 {[%clk 01:31:07]} {[%emt 00:00:04]} a6
{[%clk 01:31:18]} {[%emt 00:00:17]} 5. Bxc6 {[%clk 01:31:28]} {[%emt 00:00:05]}
dxc6 {[%clk 01:31:28]} {[%emt 00:00:24]} 6. d4 {[%clk 01:31:37]} {[%emt
00:00:18]} exd4 {[%clk 01:31:37]} {[%emt 00:00:25]} 7. Nxd4 {[%clk 01:32:02]}
{[%emt 00:00:04]} c5 {[%clk 01:31:49]} {[%emt 00:00:37]} 8. Nf3 {[%clk
01:32:11]} {[%emt 00:00:21]} Qxd1+ {[%clk 01:31:58]} {[%emt 00:00:18]} 9. Kxd1
{[%clk 01:32:31]} {[%emt 00:00:18]} Bg4 {[%clk 01:32:11]} {[%emt 00:00:08]} 10.
Ke2 {[%clk 01:32:53]} O-O-O {[%clk 01:32:06]} {[%emt 00:00:22]} 11. h3 {[%clk
01:33:09]} {[%emt 00:00:17]} Bh5 {[%clk 01:32:06]} {[%emt 00:00:24]} 12. g4
{[%clk 01:32:44]} {[%emt 00:01:03]} Bg6 {[%clk 01:32:23]} {[%emt 00:00:08]} 13.
Bg5 {[%clk 01:32:25]} {[%emt 00:01:21]} h6 {[%clk 01:32:15]} {[%emt 00:00:48]}
14. Bh4 {[%clk 01:32:45]} Bd6 {[%clk 01:31:52]} {[%emt 00:00:31]} 15. e5 {[%clk
01:32:17]} {[%emt 00:00:53]} Rhe8 {[%clk 01:31:52]} {[%emt 00:02:23]} 16. Kf1
{[%clk 01:30:57]} Bxe5 {[%clk 01:32:02]} {[%emt 00:00:06]} 17. Re1 {[%clk
01:30:50]} {[%emt 00:00:45]} Bxc3 {[%clk 01:31:27]} {[%emt 00:01:07]} 18. Rxe8
{[%emt 00:00:34]} Rxe8 19. bxc3 {[%clk 01:30:41]} {[%emt 00:00:09]} Be4 {[%clk
01:31:32]} {[%emt 00:00:15]} 20. Kg2 {[%clk 01:30:49]} {[%emt 00:00:24]} g5
{[%clk 01:31:42]} {[%emt 00:00:18]} 21. Bg3 {[%clk 01:31:04]} {[%emt 00:00:18]}
Bxc2 {[%clk 01:31:45]} {[%emt 00:01:05]} 22. h4 {[%clk 01:27:56]} {[%emt
00:06:06]} Nxg4 {[%clk 01:28:23]} 23. hxg5 {[%clk 01:28:06]} {[%emt 00:01:08]}
hxg5 {[%clk 01:28:00]} {[%emt 00:00:44]} 24. Rh5 {[%clk 01:28:24]} {[%emt
00:00:19]} f6 {[%clk 01:28:08]} {[%emt 00:00:24]} 25. Kh3 {[%clk 01:28:36]}
{[%emt 00:00:16]} Bf5 {[%clk 01:27:50]} {[%emt 00:03:09]} 26. Kg2 {[%clk
01:26:47]} Re2 {[%clk 01:27:22]} {[%emt 00:00:51]} 27. a3 {[%clk 01:26:19]}
{[%emt 00:01:04]} b5 {[%clk 01:27:29]} {[%emt 00:00:30]} 28. Rh8+ {[%clk
01:25:56]} {[%emt 00:00:50]} Kb7 {[%clk 01:27:19]} {[%emt 00:00:22]} 29. Rf8
{[%clk 01:25:21]} {[%emt 00:01:17]} a5 {[%clk 01:27:07]} {[%emt 00:00:33]} 30.
Nxg5 {[%clk 01:23:49]} {[%emt 00:02:11]} Be4+ {[%clk 01:26:51]} {[%emt
00:00:39]} 31. Nxe4 {[%clk 01:24:04]} {[%emt 00:00:48]} Rxe4 {[%clk 01:26:50]}
{[%emt 00:00:05]} 32. f3 {[%clk 01:24:12]} {[%emt 00:00:26]} Re3 {[%clk
01:26:07]} {[%emt 00:00:56]} 33. fxg4 {[%clk 01:24:32]} {[%emt 00:00:59]} b4
{[%clk 01:26:09]} 34. axb4 {[%clk 01:24:25]} {[%emt 00:00:32]} a4 {[%clk
01:26:00]} {[%emt 00:00:35]} 35. Rxf6 {[%clk 01:24:23]} {[%emt 00:00:48]} a3
{[%clk 01:26:12]} 36. Rf1 {[%emt 00:05:48]} a2 {[%clk 01:24:23]} 37. Ra1 {[%clk
01:22:49]} cxb4 {[%clk 01:24:19]} 38. cxb4 {[%clk 01:22:56]} {[%emt 00:00:07]}
Re4 {[%clk 01:23:32]} {[%emt 00:01:47]} 39. Kh3 {[%clk 01:23:19]} Rxb4 40. Rxa2
c5 {[%clk 01:23:19]} {[%emt 00:00:16]} 1-0